Normal view
MARC view
- النزاع العربي الإسرائيلي - الاسلام والغرب -الارهاب الدولي
Entry Topical Term
001 - CONTROL NUMBER
- control field: 56364
003 - CONTROL NUMBER IDENTIFIER
- control field: JO-AjAnu
005 - DATE AND TIME OF LATEST TRANSACTION
- control field: 20230606083234.0
008 - FIXED-LENGTH DATA ELEMENTS
- fixed length control field: 230606|| aca||aabn | a|a d
040 ## - CATALOGING SOURCE
- Original cataloging agency: JO-AjAnu
- Transcribing agency: JO-AjAnu
150 ## - HEADING--TOPICAL TERM
- Topical term or geographic name entry element: النزاع العربي الإسرائيلي - الاسلام والغرب -الارهاب الدولي
670 ## - SOURCE DATA FOUND
- Source citation: Work cat.: (JO-AjAnu)28762: زلوم، عبد الحي يحيى , author 56363, امبراطورية الشر الجديدة: الارهاب الدولي ضد الاسلام =Painting Islam as the new enemy